LEADER 00986nam0 2200277 450 001 000005929 005 20051020121248.0 010 $a88-14-09781-X 100 $a20051020d2002----km-y0itay50------ba 101 0 $aita 102 $aIT 105 $ay-------001yy 200 1 $a<>creazione del valore nell'ente locale$eil nuovo modello di governo economico$fEnrico Deidda Gagliardo 210 $aMilano$cGiuffrè$dc2002 215 $aXXVI,456 p.$cill.$d24 cm 225 2 $aCollana di studi economico-aziendali "E. Giannessi"$iNuova serie$v49 410 0$12001$aCollana di studi economico-aziendali "E. Giannessi". Nuova serie 610 1 $aEnti locali$aOrganizzazione 610 1 $aEnti locali$aGestione 676 $a352.14$v20 700 1$aDeidda Gagliardo,$bEnrico$0594490 801 0$aIT$bUNIPARTHENOPE$c20051020$gRICA$2UNIMARC 912 $a000005929 951 $a352-C/4$b37855$cNAVA1$d2005 996 $aCreazione del valore nell'ente locale$9995357 997 $aUNIPARTHENOPE